[Event "Bundesliga 0102"]
[Site "Germany"]
[Date "2001.11.24"]
[Round "3.4"]
[White "Fontaine, Robert"]
[Black "Beim, Valery"]
[Result "1/2-1/2"]
[WhiteElo "2452"]
[BlackElo "2527"]
[Annotator "Roiz,M"]
[PlyCount "83"]
[EventDate "2001.10.06"]
[EventType "team-tourn"]
[EventRounds "15"]
[EventCountry "GER"]
[SourceTitle "CBM 087"]
[Source "ChessBase"]
[SourceDate "2002.03.21"]
[SourceVersion "1"]
[SourceVersionDate "2002.03.21"]
[SourceQuality "1"]
[WhiteTeam "Erfurt SK"]
[BlackTeam "Tegernsee"]
[WhiteTeamCountry "GER"]
[BlackTeamCountry "GER"]

1. e4 d6 2. d4 Nf6 3. Nc3 g6 4. Be3 Bg7 5. Qd2 O-O 6. Nf3 {Not very popular
line, but black have to play carefully.} a6 {Very rare continuation. It seems
to be slowly.} ({More common here:} 6... Ng4 7. Bg5 h6 (7... f6 $5 8. Bh4 Bh6
9. Qd1 Bg7 10. Bc4+ Kh8 11. Qe2 a6 12. a4 Nc6 13. Rd1 Nh6 $13 {[%csl Gd4,Ge4]
[%cal Gf6f5,Ge7e5] Benjamin,J-Gufeld,E,Las Vegas 2000}) 8. Bh4 Nc6 (8... c6 9.
h3 Nf6 10. Bd3 Qc7 11. Bxf6 (11. O-O-O $5 $36 {[%cal Gg2g4]}) 11... exf6 12.
O-O Nd7 13. Ne2 Re8 14. c3 Nb6 15. Rae1 Be6 $11 {Hebden,M-Strikovic,A/Oviedo
1993}) 9. Bb5 a6 10. Bxc6 bxc6 11. h3 Nf6 12. O-O-O Nd7 13. Rhe1 Nb6 14. Qd3
$132 {Hebden,M-Tukmakov,V/Benidorm op 1993}) (6... c6 7. Bd3 (7. h4 $5 {
[%cal Gh4h5]} b5 8. a3 Ng4 (8... Bg4 $145 $5) 9. h5 Nxe3 10. Qxe3 $40 {Lastin,
A-Yandemirov,V/Novgorod op 1999}) 7... b5 8. Bh6 Bg4 9. h4 Bxf3 10. gxf3 e5 11.
dxe5 dxe5 12. h5 Nxh5 13. Ne2 Qf6 14. O-O-O Qxf3 $15 {Fontaine-Gagunashvilli,
Wch U20 Yerevan 2000}) ({And the main:} 6... Bg4 7. Ng5 $1 {The best.} (7. Be2
Nc6 8. O-O-O e5 9. d5 Bxf3 10. gxf3 Nd4 $1 {and black is O.K}) 7... Nc6 (7...
h6 $6 8. h3 Bh5 9. Nxf7 $1 Rxf7 10. g4 $16) (7... e5 8. dxe5 dxe5 9. Qxd8 Rxd8
10. Bc4 Rf8 11. h3 Bd7 12. O-O-O h6 13. Nf3 $14) (7... c6 8. f3 Bc8 9. h4 h6
10. Nh3 h5 11. Ng5 $36 {[%csl Gg5][%cal Gg2g4] Dunnington,A-Anastasian,A/
Capelle op Capelle la Grande 1996}) 8. d5 $1 (8. h3 Bd7 9. O-O-O (9. d5 Nb4 10.
Nf3 c6 11. Be2 cxd5 12. Nxd5 Na6 $132 {Wirthensohn,H-Khalifman,A/Hamburg 1991})
9... a6 10. Kb1 b5 11. Nd5 $13 {Wirthensohn-Vogt/Arosa 1996}) 8... Nb8 (8...
Nb4 9. f3 Bd7 10. Nd1 $1 {[%csl Yb4][%cal Gd2b4,Gd1f2]} (10. a3 $5 Na6 11. h4
h5 12. O-O-O Qc8 13. g4 b5 $1 14. gxh5 Nxh5 15. Bd4 $14 {Weinzetti,E-Smirin,I/
Vienna op 1998}) 10... Na6 11. h4 $36) 9. f3 Bd7 (9... Bc8 $2 10. h4 {[%cal
Gh4h5]} e5 11. dxe6 fxe6 12. O-O-O Nc6 13. g4 Ne5 14. Be2 {[%cal Gh4h5]} h5 15.
gxh5 gxh5 16. f4 Neg4 17. e5 $18 {Pavasovic,D-Odesskij,I/Pardubice Czech op
1998}) 10. h4 h5 11. g4 $1 c6 (11... hxg4 12. h5 Nxh5 13. fxg4 Bxg4 14. Be2
Bxe2 15. Qxe2 $16 {[%cal Gh1h5]}) 12. gxh5 Nxh5 13. O-O-O Qa5 14. Bd4 Bxd4 15.
Qxd4 b5 16. Kb1 b4 17. Ne2 Rc8 18. Qd2 $1 $16 {[%csl Rg8][%cal Ge2f4]
Khalifman,A-Adams,M/WchT 4th Luzern 1997[Khalifman]}) 7. Bd3 {Solid
continuation. more ambitious here is:} (7. Bh6 b5 8. Bxg7 Kxg7 9. Bd3 Bb7 10.
e5 Nfd7 11. Be4 Bxe4 12. Nxe4 d5 13. Ng3 e6 14. a4 $14 {[%csl Gd4,Ge5,Rg7]
[%cal Gh2h4] Emms,John-Gurevich,Mikhail/Germany 1995} (14. h4 $5 h6 15. h5 g5
16. Nh2 c5 17. c3 Nc6 18. O-O cxd4 19. cxd4 f6 20. exf6+ Qxf6 21. Rad1 $14 {
Hebden,M-Sutovsky,E/Monarch Assurance 2000})) 7... b5 {[%cal Gc8b7,Gb8d7,Gc7c5,
Gb5b4]} (7... Bg4 $6 8. Ng5 $1 {[%cal Gf2f3,Gh2h4]}) 8. a4 b4 9. Ne2 (9. Nd5 {
is dubious here:} Nxd5 10. exd5 Bb7 11. Qxb4 Bxd5 $15 {Gross,D-Burnett,R/Fan
Adams Int 1999}) 9... a5 10. Ng3 $2 {[%mdl 16384] Serious mistake. Now white
have to change queens- in the other way black will change his strong bishop.} (
10. Bh6 $142 $1 Bb7 11. Ng3 Nbd7 12. h4 e5 13. Bxg7 Kxg7 14. h5 $36 {[%cal
Gh5g6,Gd2h6] Bosch,J-Matthelesen,M/Politicen Cup 1999}) 10... Ng4 $1 11. Bg5 (
11. Bf4 e5 12. dxe5 dxe5 13. Bg5 f6 14. Bc4+ Kh8 {doesn't change anything})
11... f6 12. Bf4 e5 13. dxe5 (13. Be3 Nxe3 14. fxe3 Nc6 $15 {[%csl Rg3][%cal
Gg7h6]}) 13... dxe5 14. Bc4+ Kh8 15. Qxd8 Rxd8 16. Bd2 Nd7 $1 {[%cal Gd7b6]
Right! knight is going to b6- very good square.} 17. h3 Nb6 18. Bb3 Nh6 19.
O-O-O Ba6 $1 {[%csl Rc4][%cal Ga6c4,Gb6c4] Now it's clear that balck is
slighty better in this endgame due to his space advantage and comfortable
development.} 20. Be3 {The only white's idea in this position- is to change
the rooks!} Nc4 21. Bxc4 Bxc4 $15 22. b3 (22. Nd2 Ba6 23. f4 Nf7 $15) 22... Be6
(22... Ba6 $5 {[%csl Ye2][%cal Ga6e2]}) 23. Rxd8+ Rxd8 24. Rd1 Ra8 $6 {Strange
desecion. Now black rook is passive} ({better was the natural} 24... Rxd1+ 25.
Kxd1 Nf7 {[%csl Ge6,Rg3,Gg7][%cal Gf6f5,Gh8g8,Gg8f8] with much better chanses
for black.}) 25. Bc5 $1 {[%csl Gc5]} (25. Ne1 $6 f5 $1 $17) 25... Nf7 (25... f5
$2 26. Ng5 Bg8 27. Rd7 $16 {[%csl Rc7,Gd7][%cal Gd7c7]}) 26. Ne1 Nd8 {[%csl
Yc5][%cal Gd8b7,Gb7c5]} 27. Nd3 Bh6+ 28. Kb2 Nb7 29. Be7 $1 {[%cal Gd3c5] Now
white can change the knights. After that i don't see how black can improve his
position.} Kg7 30. Nc5 Kf7 (30... Nxc5 31. Bxc5 Kf7 32. Nf1 $11 {[%cal Gf1e3]})
31. Nxb7 Kxe7 32. Nc5 Bc8 33. Nf1 {[%cal Gf1d2,Gd2c4]} Rb8 34. Nd2 {[%csl Ra5]
[%cal Gd2c4]} Bxd2 {Black cannot ignore white's knight on c-4} 35. Rxd2 Rb6 36.
f3 $11 {Now it's a dead draw.} Rc6 37. Rd5 g5 38. Kc1 Rd6 39. Rxd6 cxd6 40. Nd3
Ke6 41. g4 d5 42. Kd2 {[%mdl 2064]} 1/2-1/2

[Event "Corus-B"]
[Site "Wijk aan Zee"]
[Date "2002.01.20"]
[Round "5"]
[White "Peng, Zhaoqin"]
[Black "Krasenkow, Michal"]
[Result "0-1"]
[WhiteElo "2460"]
[BlackElo "2632"]
[Annotator "Roiz,M"]
[PlyCount "78"]
[EventDate "2002.01.15"]
[EventType "tourn"]
[EventRounds "11"]
[EventCountry "NED"]
[EventCategory "11"]
[SourceTitle "CBM 087"]
[Source "ChessBase"]
[SourceDate "2002.03.21"]
[SourceVersion "1"]
[SourceVersionDate "2002.03.21"]
[SourceQuality "1"]

1. d4 d6 2. e4 Nf6 3. Nc3 g6 4. Nf3 Bg7 5. Be2 O-O 6. O-O c6 7. h3 (7. a4 {
Is the main line.}) (7. Re1) (7. e5) (7. Bg5) 7... b5 $6 {[%cal Gc8b7,Gb5b4]
Rare continuation.} (7... Qc7 {it's the main line here.}) (7... Nbd7) 8. a3 {
I think that this move is too slowly and white cannot get something real after
that.} (8. e5 $1 {is the most logical} Ne8 (8... dxe5 9. dxe5 Nfd7 10. e6 fxe6
11. Ng5 $36) 9. a4 $1 (9. Bf4 $5 Nc7 10. exd6 exd6 11. Qd2 Re8 12. a3 a6 13.
Rfe1 Ne6 14. Bh6 $14 {[%cal Gd4d5] Zaitsev,I-Bronstein,D/Minsk 1983}) 9... b4
10. Ne4 f5 11. exf6 Nxf6 12. Nxf6+ exf6 13. c3 bxc3 14. bxc3 $14 {[%csl Rd6]
[%cal Gc1f4]}) 8... a6 9. Bg5 $146 {[%cal Ge4e5,Gg5d8]} (9. Bf4 Nh5 (9... Nbd7
$6 10. e5 $1 Ne8 11. Qd2 Nb6 12. Rad1 Be6 13. b3 d5 14. Ra1 $16 {[%csl Rb6,Re8,
Rg7][%cal Ga3a4,Gf4h6] Bruzon Bautista-Frometa/Capablanca mem 1997}) 10. Bg5 f6
$1 11. Be3 f5 12. exf5 gxf5 13. d5 Nf6 14. dxc6 Nxc6 15. a4 bxa4 16. Nd5 Kh8
$13 {Timman,J-Forintos,G/Wijk aan Zee 1971}) (9. Re1 Nbd7 10. e5 Ne8 11. Bf4
Nb6 12. Qc1 d5 $6 (12... Nc7 $1 {[%cal Gc7d5,Gc7e6]}) 13. Bd3 Nc7 14. Ne2 Ne6
15. Bh6 $14 {Ivanov,V-Moskvitin,V/St Petersburg 1998}) (9. Be3 $5 Bb7 10. Nd2
Nbd7 11. f4 {[%csl Gd4,Ge4,Gf4][%cal Gd2b3,Ge2f3]}) 9... Nbd7 (9... h6 10. Be3
(10. Bh4 $6 Nh5 $1 $132 {[%cal Gg6g5]}) 10... Nbd7 11. Qd2 Kh7 12. e5 $36) 10.
e5 Ne8 11. Qd2 $2 {[%mdl 16384] After this move black get very pleasant
position due to the waekness on e-5.} (11. exd6 $142 Nxd6 12. Bd3 $14 {[%cal
Gf1e1]}) 11... dxe5 12. dxe5 Nc7 {[%csl Re5][%cal Gc7e6,Gd7e5,Gg7e5]} 13. Rad1
Ne6 14. Bh4 $6 {Another mistake. Now white has problems with his blach-square
bishop.} (14. Bh6 $142 $1 Qc7 (14... Nxe5 15. Bxg7 Nxf3+ 16. Bxf3 Kxg7 17. Bxc6
Qxd2 18. Rxd2 Ra7 $11) 15. Bxg7 Kxg7 16. Rfe1 $13) 14... Re8 {[%csl Re7][%cal
Ge8e7]} (14... Nxe5 $143 $6 15. Qxd8 Rxd8 16. Rxd8+ Nxd8 17. Bxe7 $11) 15. Bg3
(15. Qe3 Qb6 $15) 15... Qb6 {[%csl Re5,Rg3]} 16. b4 $6 {What for? This strange
move only helps for black} (16. Ne4 $142 c5 17. Qe3 c4 18. Qxb6 Nxb6 $15) 16...
Bb7 $1 {Great! now it's clear that black has serious advantage here.} 17. Bd3 {
[%cal Gd3e4]} (17. Ng5 Nxg5 18. Qxg5 Nf8 $1 {[%csl Rg3][%cal Gf8e6,Gc6c5,Ga6a5]
}) 17... c5 18. Be4 Bxe4 19. Nxe4 Red8 $17 20. Qe2 (20. Qe3 Qc6 21. Rd2 cxb4
22. axb4 Nb6 $17 {[%cal Gb6c4]}) 20... cxb4 21. axb4 Qc6 $1 {[%cal Gd7b6]} 22.
c3 Nb6 23. Rxd8+ (23. Nd4 Nxd4 24. Rxd4 Rxd4 25. cxd4 Nd5 26. Rb1 Rc8 $17 {
[%cal Gc6c4]}) 23... Rxd8 24. Ra1 Nd5 {Right! Black knight have to be on d5
for pushin f7-f5.} (24... Nc4 $6 25. Neg5 Nxg5 26. Nxg5 e6 27. Nf3 Rd5 28. Nd4
Qc8 29. Nf3 {and it's hard to see how black can improve his position here.})
25. Qe1 f5 $1 26. exf6 exf6 {[%cal Gf6f5]} 27. Nc5 {What else?} Nxc5 28. bxc5
Re8 $1 {Now black wins a pawn!} 29. Qd2 Qxc5 30. Rxa6 Nxc3 31. Kh2 b4 32. Qd7
Qc8 $1 {[%csl Ra6,Rd7][%cal Gc8a6,Gc8d7]} 33. Qd6 ({better was} 33. Qxc8 Rxc8
34. Rb6 Nd5 35. Rb5 Rd8 36. Nd4 Rd7 {[%cal Gf6f5] and white has some practise
chanses for surviving in this endgame.}) 33... Bf8 $2 {Strange decision. I
don't understand the reason to give the pawn.} (33... Rd8 $1 34. Qb6 Nd5 $17)
34. Qxf6 Nd5 35. Qa1 $8 (35. Qc6 $2 Qxc6 36. Rxc6 b3 37. Nd2 b2 38. Rc2 Bg7 $19
{[%cal Ge8e1]}) 35... b3 $6 (35... Nc3 $1 $15 {[%csl Gc3]}) 36. Ra7 Re7 37. Be5
$4 {[%mdl 8192] After this mistake-the game is over.} (37. Rxe7 Bxe7 38. Qa4 $1
b2 (38... Qb7 39. Qe8+ Kg7 (39... Bf8 40. Bd6 Qf7 41. Qb8) 40. Be5+ Bf6) 39.
Qb3 $14 {[%csl Rd5][%cal Gb3b2,Gb3d5] And white has just extra pawn!}) 37... b2
$1 $19 38. Qa2 (38. Bxb2 Qb8+ $19 {[%csl Ra7][%cal Gb8a7,Gb8h2]}) 38... b1=Q
39. Qxd5+ Qe6 0-1

[Event "ARM-ch"]
[Site "Yerevan"]
[Date "2001.09.18"]
[Round "6"]
[White "Hachatrian, Vahagn"]
[Black "Minasian, Artashes"]
[Result "0-1"]
[WhiteElo "2411"]
[BlackElo "2581"]
[Annotator "Roiz,M"]
[PlyCount "54"]
[EventDate "2001.09.13"]
[EventType "tourn"]
[EventRounds "10"]
[EventCountry "ARM"]
[EventCategory "11"]
[SourceTitle "CBM 086"]
[Source "ChessBase"]
[SourceDate "2002.02.05"]
[SourceVersion "1"]
[SourceVersionDate "2002.02.05"]
[SourceQuality "1"]

1. e4 g6 2. d4 Bg7 3. Nf3 d6 4. Be2 Nf6 5. Nc3 O-O 6. O-O c6 7. Bg5 {[%cal
Ge4e5] Quite rare move. The idea is to play e4-e5 and create pressure on the
e7 pawn.} (7. a4 {is the main.}) (7. h3) (7. Re1) (7. Bf4) (7. e5) 7... h6 (
7... b5 8. e5 (8. a3 $1) 8... b4 9. exf6 exf6 10. Be3 bxc3 11. bxc3 Nd7 12. d5
c5 $15 {[%csl Rc2,Rc3][%cal Gf6f5] Kovalevskaya,E-Tseshkovsky,V/St Petersburg
op 1995}) (7... d5 $5 8. exd5 (8. Bxf6 Bxf6 9. e5 Bg7 10. Re1 Bg4 $11 {[%cal
Ge7e6,Gc6c5]}) 8... cxd5 9. Ne5 Nc6) (7... Qc7 8. a4 (8. Qd2 Nbd7 9. Rad1 b5
10. Qf4 e5 11. Qh4 Re8 12. dxe5 dxe5 13. Ne1 b4 14. Nb1 c5 15. Nd2 Bb7 16. Bc4
Nh5 17. Nd3 Nb6 $13 {Ziatdinov,R-Minasian,Artashes/World op Champions 1999})
8... a5 9. Qd2 e5 10. d5 Na6 11. Rad1 Ne8 12. Ne1 $14 {Kengis,E-Shchekachev,A/
Reykjavik op 1994}) 8. Bh4 {This move cannot promise any advantage for white.}
(8. Bf4 $5 {[%cal Gd1d2,Ge4e5] it's interesting alternative:} Nbd7 9. Qd2 g5
10. Bg3 (10. Be3 $5 {seems to be better:} Ng4 11. Rad1 e6 12. Ne1 Nxe3 13. Qxe3
$36 {[%csl Rc8,Gd4,Ge4][%cal Gh2h4,Gf2f4] Kengis,E-Seul,G/Bonn GSK-3 1996})
10... Nh5 11. a4 Nxg3 12. hxg3 e6 13. Rfe1 f5 14. Bd3 $13 {Varavin,V-Pogorelov,
E/Kobanya op 1992}) (8. Be3 Nbd7 9. a4 e5 (9... Ng4 $5 10. Bf4 e5) 10. dxe5
dxe5 11. Nd2 Qe7 12. Nc4 $14 {[%csl Rd6][%cal Gc4d6,Gd1d6] Enders,P-Bologan,V/
Bundesliga 1997}) 8... Qc7 {[%cal Gb8d7,Ge7e5] This is accurate move.} (8...
Nbd7 9. e5 $5 dxe5 10. dxe5 Nh5 (10... Ng4 11. e6 fxe6 12. Nd4 $44) 11. Qc1 {
[%csl Rh5]}) 9. Qd2 Nbd7 10. Rad1 Re8 $5 {[%cal Ge7e5] Black prepares for
e7-e5. I don't see any good plan for white here.} (10... e5 11. dxe5 dxe5 12.
Qd6 $11) (10... b5 $5 11. a3 a5 12. Bd3 b4 13. axb4 axb4 14. Ne2 Ba6 {with
good position.}) 11. a4 a6 12. b4 $5 {[%cal Ga4a5]} e5 13. dxe5 dxe5 14. Bc4 $6
{This move looks very natural but actually it's only helps for black's
development.} ({Better was} 14. a5 Bf8 15. Rb1 $11) 14... b5 $1 15. Bb3 Bf8 $15
{[%csl Rb4][%cal Gf8b4] Now it's clear that black got better chanses due to
the weakness on b4 and good development.} 16. axb5 $6 {Another mistake. After
this exchange black's rook wil be very active.} (16. Rfe1 $142 $1 Bb7 (16...
Bxb4 $4 17. Qxh6 $1 $18 {[%csl Rg6][%cal Gh6g6]}) 17. Nb1 {=/=+}) 16... axb5
17. Nb1 Kg7 $1 (17... Nxe4 $6 18. Qd3 {[%cal Gd3g6]} Ndf6 19. Bxf6 Nxf6 20.
Qxg6+ Bg7 $13 {[%csl Gb3]}) 18. Rfe1 Nb6 {[%csl Rc4][%cal Gc8e6,Gd7g4]} 19. c3
(19. h3 Nh5 {[%cal Gh5f4]} 20. Bd8 $5 Qb7 $15) 19... Bg4 {[%csl Rf3][%cal
Gg4f3]} 20. Qe3 (20. Bxf6+ Kxf6 21. Qe3 Kg7 {[%csl Gf8]} 22. h3 Bd7 $15) 20...
Nh5 $1 21. Nbd2 (21. h3 Be6 22. Bxe6 Rxe6 23. Nbd2 c5 $1 $15 {[%csl Rb4,Re3,
Gf8][%cal Gc5b4]}) 21... Nf4 22. Ra1 (22. Bg3 c5 $36 {[%csl Ga8][%cal Ga8a3]})
22... c5 23. h3 $6 (23. Ra5 $5 {was the only move, but after} Bd7 {black is
clear better.}) 23... Bxf3 24. Nxf3 cxb4 25. Rxa8 Rxa8 26. cxb4 Bxb4 $17 {
Black is just pawn-up.} 27. Rc1 $4 {[%mdl 8192]} ({After} 27. Rb1 Bc5 28. Qe1
Nc4 {White's position is very harde, but he can fight.}) 27... Qxc1+ {[%mdl
2048]} 0-1

[Event "ROM-ch"]
[Site "Targoviste"]
[Date "2001.11.30"]
[Round "7"]
[White "Ionescu, Constantin"]
[Black "Manolache, Marius"]
[Result "1/2-1/2"]
[WhiteElo "2481"]
[BlackElo "2394"]
[Annotator "Roiz,M"]
[PlyCount "41"]
[EventDate "2001.11.23"]
[EventType "tourn"]
[EventRounds "15"]
[EventCountry "ROU"]
[EventCategory "9"]
[SourceTitle "CBM 087"]
[Source "ChessBase"]
[SourceDate "2002.03.21"]
[SourceVersion "1"]
[SourceVersionDate "2002.03.21"]
[SourceQuality "1"]

{[%mdl 16]} 1. d4 d6 2. e4 g6 3. Nf3 Nf6 4. Nc3 Bg7 5. Be2 O-O 6. O-O {Very
solid line for white.} a6 {Quite rare move.} 7. Re1 (7. a4 {Is the main
continuation in this position.} Nc6 (7... Bg4 8. Ng5 $5 (8. Bg5 $5 Nc6 9. Qd2
Nd7 10. Nd5 $1 {[%csl Re7][%cal Gd5e7,Gg5e7]} Bxf3 11. Bxf3 h6 12. Be3 Kh7 13.
a5 $1 {[%csl Ga5]} e6 14. Nb4 $14 {[%csl Ge3,Gf3] Tseitlin,Mark-Thiede,Lars/
Berliner Sommer 1997}) 8... Bxe2 9. Qxe2 Nc6 10. Rd1 Nd7 11. Nf3 e6 12. Bg5 Qe8
13. Qe3 $14 {[%csl Gd4,Ge4][%cal Gg5h6] with better chanses for white due to
his space advantage. Nisipeanu,Liviu Dieter-Chernin,Alexander/De Corse op
Bastia 2000}) (7... b6 8. e5 {The best.} dxe5 (8... Nfd7 9. Re1 dxe5 10. dxe5 {
[%cal Ge5e6]} Nc5 11. Be3 Nbd7 12. Bc4 $1 Rb8 13. Qe2 e6 14. Bg5 Qe8 15. b4 $16
{Nisipeanu,Liviu Dieter-Hilarp Persson,Tiger/Yerevan ol 1996}) 9. Nxe5 Nfd7 (
9... Bb7 10. Bf3 Qc8 11. Re1 $14) 10. Bf3 Ra7 11. Nc4 $1 $14 {[%csl Rb8,Rd7]
Damlijanovic,B-Finkel,A/EuCup final 14th 1999}) (7... e6 {leads to 6...e6 line.
see comments to Brodsky-Goloshchapov/UKR-ch Ordzhonikidze,2001[Roiz,M]}) 8. h3
{The main.} (8. d5 Nb8 (8... Nb4 $5 9. a5 e6 10. h3 Re8 11. Bg5 h6 12. Be3 Bd7
13. Qd2 Kh7 14. Rfd1 Qe7 $11 {Kovalev,A-Chernin,A/Tilburg 1992}) 9. a5 e5 10.
Nd2 Ne8 11. Nc4 Nd7 12. Kh1 Kh8 13. Ra3 b5 14. axb6 cxb6 15. b4 f5 16. exf5
gxf5 17. f4 Bb7 $132 {Damlijanovic,B-Kozakov,M/Valievo 2000}) 8... e5 (8... e6
$5 9. Bg5 h6 10. Be3 Kh7 11. Nh2 Ne7 12. Bd3 b6 13. f4 c5 14. dxc5 bxc5 15. Qe2
Qc7 16. Qf2 c4 $13 {Mueller,Mat-Nijboer,F/Groningen op 1991}) 9. dxe5 dxe5 10.
Be3 Qe7 11. Nd5 Nxd5 12. exd5 Nd4 13. c3 Nf5 14. Bg5 Qd6 $11 {Tsarev,
V-Gofshtein,L/Kiev 1989}) 7... b5 $6 {The most logical move. But actually this
idea is very dangerous for black because white's development is much better.} (
7... e6 {leads to 6...e6 line.}) (7... Nc6 8. d5 Ne5 9. Nxe5 dxe5 10. Bg5 Ne8
11. Qd2 Nd6 12. Bf1 Bd7 13. Rad1 $14 {[%csl Gd5] Rogozenko,D-Moldovan,D/
Bucharest Fest GM 1998}) (7... b6 $6 8. e5 Ne8 9. Bg5 Bb7 10. Qd2 f6 11. Bh6
$16 {[%csl Ge5,Re8][%cal Ge2c4] Berzinsh,R-Kozakov,M/Hlohovec op 1994}) 8. e5
dxe5 (8... Nfd7 $2 {seems to be dangerous:} 9. e6 fxe6 10. Ng5 Rf6 11. Bf3 c6
$8 12. Nxe6 Rxe6 13. Rxe6 Ne5 14. Rxe5 dxe5 15. d5 $16 {[%csl Gc3,Re5,Re7,Gf3]
Schussler,H-Huebner,R/Bundesliga 1983}) (8... Ne8 $6 {[%csl Re8]} 9. a4 b4 10.
Nd5 Nc6 11. Bf4 e6 12. Ne3 $16 {[%cal Gc2c3,Gh2h4,Ge3g4]}) 9. dxe5 Ng4 10. Bf4
{[%csl Ye5][%cal Gf4e5]} (10. h3 $5 {was played by Viswanathan Anand and leads
to clear advantage for white:} Nxe5 (10... Nh6 11. Qd5 $1 Qxd5 12. Nxd5 e6 13.
Nf6+ Bxf6 14. exf6 Nf5 15. Ne5 Bb7 16. Bf4 $16 {[%csl Ge5,Gf6][%cal Ga1d1]
Anand,V-Van Wely,L/Amber-rapid 6th 1997}) 11. Nxe5 Bxe5 12. Bf3 (12. Qxd8 Rxd8
13. Bf3 Bxc3 14. bxc3 c6 15. Rxe7 {[%csl Gc1,Gf3] +=/+-}) 12... Bxc3 13. Qxd8
Rxd8 14. bxc3) 10... Nc6 11. Bd3 (11. Qd5 $2 {is weak in this position:} Qxd5
12. Nxd5 e6 $1 $15) 11... Bb7 12. h3 Nh6 13. Qc1 $1 {Natural move. Black must
to put his knight on-f5 and after that white has exellent chanses for attack.}
({Interesting was also} 13. Be4 $5 Qxd1 14. Raxd1 {[%cal Gc3d5]} Rfd8 15. Nd5
$16 {[%csl Gd5,Ge4,Gf4,Rg7,Rh6] with clear advantage in the endgame.}) 13...
Nf5 14. Bxf5 gxf5 15. Rd1 (15. Bh6 $5 {[%cal Gc1g5]} e6 $8 16. Qf4 Bxh6 17.
Qxh6 Qe7 18. Rad1 $16 {[%csl Rg8]}) 15... Qc8 16. Nd5 $1 {Now it's clear that
white is winning here!} (16. Bh6 {[%cal Gc1g5]} Qe6 $1 (16... f6 17. Bxg7 Kxg7
18. Qf4 $16 {[%csl Rg7][%cal Gc3e2,Ge2g3,Gg3h5]}) 17. Bxg7 Kxg7 18. Nd5 $2 Nxe5
$13) 16... Re8 17. Qe3 $6 {Too slowly.} (17. Bh6 $1 Nxe5 (17... Nd8 18. Bxg7
Kxg7 19. Qg5+ Kh8 20. Nxe7 Qe6 21. Nxf5 Rg8 22. Qf4 Bxf3 23. Qxf3 $18) 18. Nxe5
Bxe5 19. Nxe7+ $1 Rxe7 20. Qg5+ Kh8 21. Qxe7 Bxb2 22. Rab1 Qg8 23. g3 Bc3 24.
Rd3 $18 {[%cal Gb1d1]}) (17. e6 $5 Qxe6 18. Nxc7 Qg6 19. Nxa8 Rxa8 {and black
has no real compensation}) 17... Nd8 18. a4 {It's just unbelievable! White
tries to get something on the Queen-side...} (18. Bh6 $2 Bxd5 19. Rxd5 Qe6 {
[%csl Rd5,Rh6][%cal Ge6h6,Ge6d5]} 20. Bxg7 Qxd5 21. Qh6 f6 $8 22. exf6 Nf7 $15)
(18. Bg5 $1 Bxd5 19. Rxd5 {[%cal Ga1d1,Ge3c3] With huge advantage for white.})
18... Ne6 19. Bg3 $2 {[%mdl 16384] After this move black is O.K. Bishop has
nothing to do on-g3} (19. Bh6 $1 Bxd5 20. Rxd5 Qb7 (20... Bh8 21. Nd4 $18 {
[%cal Ge3g3]}) 21. Rad1 bxa4 22. Bxg7 Nxg7 23. Qh6 Qb6 24. Qh4 {And white's
attack looks very strong.}) 19... Bxd5 20. Rxd5 Qb7 $1 {[%csl Gb7,Ge6,Rg3]
[%cal Gb7d5] Now black has nothing to worry-his knight on e6 is very strong
and white's piece are not very active. I think that black can even hope for
some advantage due to the weak pawn on-e5,but actually the most logical result
here-it's draw...} 21. Qd3 {[%mdl 2048]} 1/2-1/2